000 00701nam a22002177a 4500
999 _c65086
_d65086
005 20240530110806.0
008 190227s2018 ua g d 000 0 ara d
017 _a2018/4879
_bمصر. دار الكتب
020 _a97897774689994
040 _aEG-CaGPL
_cEG-CaGPL
082 0 4 _221
_a803/
_bم ق
100 0 _aماهر شفيق فريد
245 1 0 _aقاموس الاداب الاجنبية /
_cماهر شفيق فريد
250 _aط.1
260 _aالقاهرة :
_bمكتبة الاداب،
_c2018.
300 _a1368 ص. ؛
_c24 سم.
650 0 7 _2qrmak
_aالاداب الاجنبية
_vمعاجم
651 _2qrmak
942 _2ddc
_cBK